| 000 | 00431cam a22001337a 4500 | ||
|---|---|---|---|
| 008 | 180718b1961 xxu||||| |||| 00| 0 eng d | ||
| 082 | _aT000x883 Ad42 | ||
| 100 | _aAdhin, J.H. | ||
| 245 |
_aDevelopment planning in Surinam: in historical perspective (with special reference to the ten year plan) _cby J.H. Adhin |
||
| 260 |
_aLeiden _bKroese _c1961 |
||
| 300 | _a215p. | ||
| 500 | _aRs.19.80 | ||
| 650 | _aEconomic Planning - Surinam | ||
| 999 |
_c357138 _d357138 |
||